Papeles de Pedro F. Bono: Para la historia de las ideas políticas en Santo Domingo / Emilio Rodríguez Domirizi. (Registro nro. 1645)

Detalles MARC
000 -LEADER
fixed length control field 00620nam a22002171a 4500
001 - CONTROL NUMBER
control field 1645
003 - CONTROL NUMBER IDENTIFIER
control field OSt
005 - DATE AND TIME OF LATEST TRANSACTION
control field 20260204211741.0
008 - FIXED-LENGTH DATA ELEMENTS--GENERAL INFORMATION
fixed length control field 040120s1980||||dr ||||||b||||||||||spa||
020 ## - NUMERO DE LIBRO INTERNACIONAL NORMALIZADO
International Standard Book Number 844993589x
050 ## - LIBRARY OF CONGRESS CALL NUMBER
Classification number RD529 R615p
082 ## - DEWEY DECIMAL CLASSIFICATION NUMBER
Classification number 529 R615p
100 ## - ASIENTO PRINCIPAL -- NOMBRE PERSONAL
Personal name Rodríguez Demorizi, Emilio
245 ## - TÍTULO PROPIAMENTE DICHO: SUBTÍTULO
Title Papeles de Pedro F. Bono: Para la historia de las ideas políticas en Santo Domingo / Emilio Rodríguez Domirizi.
250 ## - MENCIÓN DE EDICIÓN
Edition statement 2
264 ## - PRODUCTION, PUBLICATION, DISTRIBUTION, MANUFACTURE, AND COPYRIGHT NOTICE
Place of production, publication, distribution, manufacture Santo Domingo : M. Pareja
300 ## - PHYSICAL DESCRIPTION
Extensión 636 p.
500 ## - GENERAL NOTE
General note Incluye indice.
650 ## - ASIENTO SECUNDARIO DE MATERIA -- TERMINO TEMÁTICO
Termino Temático Como Elemento de Entrada 1.Cronología 2.Cronología - HistoriaÌ
942 ## - ADDED ENTRY ELEMENTS (KOHA)
Source of classification or shelving scheme Dewey Decimal Classification
Koha item type Libros
Existencias
Withdrawn status Lost status Source of classification or shelving scheme Damaged status Not for loan Current library Date acquired Total Checkouts Full call number Barcode Date last seen Price effective from Koha item type
    Dewey Decimal Classification     Biblioteca UTECO 09/09/2019   RD529 R615P 005009 09/09/2019 09/09/2019 Libros
    Dewey Decimal Classification     Biblioteca UTECO 09/09/2019   RD529 R615P 005010 09/09/2019 09/09/2019 Libros
© 2021 Derechos Reservados UTECO - Teléfono: +1 809-585-2291 - Correo electrónico: biblioteca@uteco.edu.do​  
Código postal 43000 ​​
Dirección: Avenida Universitaria No. 100, 
Cotuí, Provincia Sánchez Ramírez, República Dominicana - RNC: 404-00059-6